00510nam a22001457a 4500999001900000020001800019082001300037100003000050245007500080260003300155300001000188650002500198650001600223952012500239 c517733d517733 a9781572245372 aK95 Si64 aSinger, Michael A.925810 aThe untethered soul: the journey beyond yourselfcby Michael A. Singer aOaklandbNew Harbingerc2007 a188p. aConsciousness925811 aSelf925812 00102ddc406K_95_000000000000000_SI6470aIIPAbIIPAcDISPLAYd2021-07-27oK95 Si64p88555r2021-07-27w2021-07-27yBK